| 000 | 00765nam a2200241 i 4500 | ||
|---|---|---|---|
| 001 | 18481 | ||
| 003 | ES-MaACL | ||
| 005 | 20250714231333.0 | ||
| 007 | t| | ||
| 008 | 011029s1989 pr ||||1| spa d | ||
| 020 | _a0-8477-3642-3 | ||
| 080 | _a821.134.2-92"19" | ||
| 100 | 1 |
_aBonafoux, Luis. _930066 |
|
| 245 | 1 | 0 |
_aLiteratura de Bonafoux / _cLuis Bonafoux (Aramis) ; introducción y notas de Socorro Girón. |
| 250 | _a2ª ed. | ||
| 260 |
_aRios Piedras (Puerto Rico) : _bUniversidad de Puerto Rico, _c1989. |
||
| 300 |
_a325 p. ; _c21 cm. |
||
| 490 | 1 |
_aColección puertorriqueña ; _v2 |
|
| 700 | 1 |
_aGirón, Socorro. _957268 |
|
| 830 | 0 | 0 |
_aColección puertorriqueña _v2 _9183563 |
| 852 |
_aES-MaACL _jL-25104 _bR.130379 |
||
| 999 |
_c18481 _d18481 |
||